แสดงรายละเอียดบรรณานุกรม
  กลับหน้าหลัก

Brief Record : Get Marc (ISO 2709) : E-mail record : QR code ปิดหน้าต่าง
E-books : เกี่ยวกับ Collections
LEADER 00000nam 2200000uu 4500
001    210827
003     ULIBM
008    020711s2013 th a 000 0 eng d
020    978-1-107-63438-1
041    ^aeng
050  4 PE1128 W975c 2013
100    Wyatt, Rawdon.
245    Cambridge english complete IELTS (ฺBands 6.5-7.5) :^bworkbook with answers/^cRawdon Wyatt.
246 00 ^aComplete IELTS (ฺBands 6.5-7.5) workbook with answers
260    Cambridge :^bCambridge University Press,^c2013.
300    70 p. :^bill+1 CD-ROM ;^c28 cm.
650  4 International English Language Testing System ^xStudy Guides
650  4 ^aEnglish Language ^xExaminations ^xStudy Guides
650  4 ^aEnglish Language ^xTextbook for Foreign Speakers
650  4 ^aIELTS
999    ^aใช้งานได้ทุกระบบ
รายการนี้ยังไม่มีแท็ก
คุณยังไม่ได้ล็อกอิน คุณสามารถมีกิจกรรมร่วมกับเว็บไซต์ได้ แต่ต้องล็อกอินก่อน ::
  ล็อกอิน
ลำดับที่ ประเภท เลขเรียก สถานที่ สถานะ
1. หนังสือทั่วไป
หนังสือทั่วไป
PE1128 W975c 2013 c.1 
  
วิทยาศาสตร์สุขภาพ On Shelf
  ขอยืม
Note:ปีงบประมาณ 2558
2. หนังสือทั่วไป
หนังสือทั่วไป
PE1128 W975c 2013 c.2 
  
วิทยาศาสตร์สุขภาพ On Shelf
  ขอยืม
Note:ปีงบประมาณ 2558
3. หนังสือทั่วไป
หนังสือทั่วไป
PE1128 W975c 2013 c.3 
  
วิทยาศาสตร์สุขภาพ On Shelf
  ขอยืม
Note:ปีงบประมาณ 2558
   [แสดง 3/3 รายการ]

รายการใกล้เคียง
    หัวเรื่อง [IELTS]

BibComment


ยังไม่เคยถูกคอมเมนท์

คอมเมนท์ทรัพยากรรายการนี้
  คอมเมนท์: Cambridge english..
Bib 210827

 
 
 

 Union Library Management : ULibM
Copyright 2026. All Rights Reserved.
скачать бесплатно без регистрации порно красивый секс HD Sex Hindi sex

xxx gou

xxxx

bfxxx

xxxwww

Секса Видео

xxxx

Секса Видео

detube

geilexxx

C99 Shell

worms shell

blod xxx video
Ebony Coed Rihanna Rimes Takes A Dick In Her Young Twat priyaa indian fuck anal and pusssy hardcore indian women xxx desi hardcore fucking part 1 bengalixxxcouple